00970nam a2200253 a 450000100060000000300080000600500170001400800410003102000150007203500190008703500120010604000240011804100080014208200220015024500710017224600810024326001250032430000200044950000980046965000530056765000540062065000250067470000170069960500BD-RjUL20211209080842.0170101s1998 th 00000 eng d a9746801295 a(BD-RjUL)60624 a2098636 aVMOU:CcVMOU:Cbeng aeng00a020.711bCUR 199802aA curriculum for an information society /cNick Moore ... [et al.]3 aEducating and training information professionals in the Asia-Pacific region. aBangkok, Thailand :bUNESCO, Principal Regional Office for Asia and the Pacific, Information and Informatics Unit,c1998 a97 p. ;c28 cm. aCover sub-title: Educating and training information professionals in the Asia-Pacific region. 0aInformation sciencexStudy and teaching (Higher) 0aInformation servicesxStudy and teaching (Higher) 0aInformation society.1 aMoore, Nick.